000 00286nam a22001337a 4500
008 190205b xxu||||| |||| 00| 0 eng d
020 _a394307828
041 _aeng
080 _23rd
_a316
100 _a50
101 _aSOC
245 _aClass & Society
_cMayer, K.B
942 _2udc
_cBK
999 _c54030
_d54030